000 00592nam a2200181Ia 4500
003 GCL
008 140319s9999 xx 000 0 ara d
040 _aGCL /
_cGCL
082 0 4 _a398.2
_bس م
100 1 _aسعد الخادم
245 1 0 _aمعالم من فنوننا الشعبية (هدية من الاديب عبدالفتاح الجمل) /
_cسعد الخادم
300 _a95 ص
490 _aمكتبة الثقافة الشعبية
_v0
650 0 4 _aالادب الشعبى
650 0 4 _aالتراث الشعبى
650 0 4 _aالفنون الشعبية
942 _2ddc
_cBK
999 _c38378
_d38378